000 00433nam a22001817a 4500
003 MPLRDC
005 20220104113833.0
008 210129b ||||| |||| 00| 0 eng d
082 _a848.2 SM-11
100 _a丁松青著; 三毛译
245 _a刹那时光
_c
250 _a初版
260 _a
_b皇冠杂志社
_c1986
300 _b
490 _a皇冠丛书;1207
650 _a现代别集
942 _cBK
_o848.2 SM-11
999 _c2744
_d2734